000
00325nam a22001337a 4500
008
170128b xxu||||| |||| 00| 0 eng d
020
_a
9780721683225
041
_a
eng
080
_a
61
100
_a
3
101
_a
SHM
245
_a
INSTRUCTOR'S MANUAL FOR PHYSICAL ASSESSMENT FINDINGS CD-ROM
_c
LEMMI, F.O
942
_2
udc
_c
BK
999
_c
3935
_d
3935